00329nam a2200097Ia 4500008004100000041000800041100002900049245006100078260005000139650004200189191203s9999 xx 000 0 und d aeng aDilan Kanishka Senadeera 0aNatural product inhibitors for HMG Co-A Reductase enzyme aInstitiute of Chemistri CeylonbColomboc2019 a"Seminar Reports ,Dissertations,2019"